000 00374 a2200133 4500
001 ART_43505
005 20260410161629.0
008 260409a
245 1 0 _aAplicación del modelo de revaluación de la RT 31
100 1 _aDíaz, Teresa
700 1 _aPozzi, Nélida B.
700 1 _aSuardi, Diana
773 0 _tEnfoques
_g- Nº 8 (ago. 2017)
_wREV416
999 _c12291
_d12291